00374nam a2200145Ia 4500003000400000005001700004008004100021040000900062082001800071100002000089245004900109260004100158300000900199650002000208OSt20200116150029.0190216s9999||||xx |||||||||||||| ||und|| coclc a657.42bKUM/E aKumar, Pradeep  0aElements Of Cost Accounting /cPradeep Kumar bKedar Nath Ram Nath,c1998.aMeerut: a418p aCost Accounting